|
|
|
|
| LEADER |
00000naa2a2200000 4500 |
| 001 |
385363 |
| 005 |
20231101063346.0 |
| 035 |
|
|
|a (RuTPU)RU\TPU\prd\13234
|
| 090 |
|
|
|a 385363
|
| 100 |
|
|
|a 20030429a2003 k y0rusy50 ca
|
| 101 |
0 |
|
|a rus
|
| 102 |
|
|
|a RU
|
| 200 |
1 |
|
|a Глобальное ядерное будущее
|f И. И. Ларин
|
| 461 |
|
1 |
|0 (RuTPU)RU\TPU\prd\458
|x 0233-3619
|t Энергия: экономика, техника, экология
|o научно-популярный и общественно-политический журнал
|f Российская академия наук (РАН)
|d 1984-
|
| 463 |
|
1 |
|0 (RuTPU)RU\TPU\prd\13062
|t № 3
|v С. 16-21
|d 2003
|
| 610 |
1 |
|
|a ядерная энергетика
|
| 610 |
1 |
|
|a атомная энергетика
|
| 610 |
1 |
|
|a энергетические ресурсы
|
| 610 |
1 |
|
|a производство электроэнергии
|
| 700 |
|
1 |
|a Ларин
|b И. И.
|
| 801 |
|
1 |
|a RU
|b 63413507
|c 20030429
|g PSBO
|
| 801 |
|
2 |
|a RU
|b 63413507
|c 20120515
|g RCR
|
| 942 |
|
|
|c BK
|